000 00491nam a2200169Ia 4500
005 20250508160331.0
008 008 250505s9999 xx 000 0 eng d
037 _aTextual
040 _aFEDL
_beng
_cFEDL
041 _aeng
_2eng
084 _a657.6, INS
_qFEDL
245 0 _aInstitute of chartered accountants of India : R A First examination question papers 1933 to 1948
260 _c1950
300 _a218p.
942 _cTEXL
_h657.6, INS
999 _c1363770
_d1363770